アイドルマスター47都道府県イラスト企画のアイドル - Statistics

General Stats
  • This quiz has been taken 5 times
  • The average score is 29 of 47
Answer Stats
都道府県 アイドル シリーズ % Correct
北海道 天海春香 AS
100%
岩手県 四条貴音 AS
100%
茨城県 水谷絵理 DS
100%
神奈川県 萩原雪歩 AS
100%
新潟県 月村手毬 学園
100%
石川県 如月千早 AS
100%
愛知県 三浦あずさ AS
100%
三重県 秋月律子 AS
100%
愛媛県 菊地真 AS
100%
長崎県 水瀬伊織 AS
100%
秋田県 花海咲季 学園
75%
千葉県 徳川まつり ミリ
75%
東京都 秦谷美鈴 学園
75%
福井県 七草にちか シャニ
75%
岐阜県 奥空心白 その他
75%
京都府 葛城リーリヤ 学園
75%
鳥取県 天ヶ瀬冬馬 SideM
75%
熊本県 有村麻央 学園
75%
宮城県 黒野玄武 SideM
50%
山形県 宮尾美也 ミリ
50%
福島県 杜野凛世 シャニ
50%
栃木県 夢見りあむ デレ
50%
群馬県 木村龍 SideM
50%
富山県 桜庭薫 SideM
50%
山梨県 芹沢あさひ シャニ
50%
静岡県 エミリー ミリ
50%
滋賀県 清澄九郎 SideM
50%
大阪府 園田智代子 シャニ
50%
兵庫県 馬場このみ ミリ
50%
和歌山県 ピエール SideM
50%
島根県 安部菜々 デレ
50%
岡山県 島原エレナ ミリ
50%
山口県 浅倉透 シャニ
50%
徳島県 詩花 その他
50%
香川県 最上静香 ミリ
50%
高知県 紫雲清夏 学園
50%
福岡県 桑山千雪 シャニ
50%
佐賀県 藤原肇 デレ
50%
鹿児島県 桜守歌織 ミリ
50%
沖縄県 倉本千奈 学園
50%
埼玉県 三峰結華 シャニ
50%
青森県 村上巴 デレ
25%
長野県 アナスタシア デレ
25%
奈良県 二宮飛鳥 デレ
25%
広島県 大和亜季 デレ
25%
大分県 九十九一希 SideM
25%
宮崎県 ナターリア デレ
25%
No matching quizzes found
Score Distribution
Percent of People with Each Score
Percentile by Number Answered
Your Score History
You have not taken this quiz